000 01128nam a2200265Ia 4500
003 OSt
005 20220923211303.0
006 a|||||r|||| 00| 0
007 ta
008 220922b |||||||| |||| 00| 0 hin d
020 _a9788179171493 (hbk)
_c1700
024 _a283,452
037 _b27, 02/02/2015, P. K. Books
_cTextual
040 _aARTS
_cARTS
_bhin
041 _2hin
_ahin
082 _aW0bX, 152Q4
100 _aहानेल, राबिन; तरूण कुमार, अनु.
245 0 _aराजनीतिक अर्थशास्त्र का सरल परिचय
_b एक आधुनिक दृष्टिकोण
246 _aRājanītik arthashāstra kā saral parichaya: ek ādhunik dṛuṣhṭikoṇa
260 _aनई दिल्ली
_b ग्रंथ शिल्पी
_c2014
300 _a340पृ.
_ccm.
650 _aभारतीय राजनीति
_9156264
942 _hW0bX, 152Q4
_cTEXL
_2CC
999 _c298139
_d298139